| 000 | 00575nam a2200205 a 4500 | ||
|---|---|---|---|
| 005 | 20240911063921.0 | ||
| 008 | 090624s2006 mx r 000 0 spa d | ||
| 020 | _a9707183837 | ||
| 035 | _aUPN01000171455 | ||
| 049 | _aC | ||
| 050 | 4 |
_aND6537 _bS4.2 |
|
| 100 | 1 | _aShanes, Eric | |
| 245 | 1 | 0 |
_aAndy Warhol / _cEric Shanes ; tr. María Fuentes. |
| 260 |
_aNaucalpan, Edo. de Méx. _bNumen, _c2006. |
||
| 300 |
_a80 p. : _bil. col. |
||
| 600 | 1 | 4 |
_aWARHOL, ANDY, _d1928-1987 _912659 |
| 650 | 4 |
_aARTE POP _912660 |
|
| 650 | 2 |
_aArte moderno _ySiglo XX _92587 |
|
| 905 | _aLibro | ||
| 999 |
_c143560 _d143560 |
||